000
00346nam a2200157Ia 4500
100
_a
Frankland/ T.W.
650
_a
Fitter
250
_a
IV
942
_c
BK
654
_a
Pipe fitters
245
_a
Pipe fitters & Pipe welder''''s Handbook
260
_b
Bailey Bros
_a
Chicago
_c
1973
082
_a
671.024
300
_a
175
546
_a
ENGLISH
999
_c
22921
_d
22921